00399 2200157 4500001002100000005001500021035002000036245004200056100002100098300002800119260003800147082000800185084001400193020002200207990001200229INLIS00000000000307620250930084414 a0010-09250004231 aKomik Hadist Anak /cDihyah Al-Haazim0 aDihyah Al-Haazim a128 hlm ;c14,5 x 21 cm aJakarta :bAl-Kautsar Kids,c2022 a200 a200 DIH k a978-602-1694-66-4 a0755563